00558cam a2200181Ia 450000100090000000300040000900500170001300800410003004000180007108200150008910000150010424500420011926001190016130000200028050000290030065000280032965000190035723590289OSt20190215164116.0910422s1991 txu 001 0 eng d aPGCcPGCdCDC a234bB561l1 aBest, W. E10aLife brought to light /cby W.E. Best aHouston, Tex. (10603 Blackhawk Blvd., P.O. Box 34904, Houston 77234-4904) :bSouth Belt Assembly of Christ,c1991? a187 p. ;c22 cm aIncludes Scripture index 0aSalvationxChristianity 0aChristian life